000 00388nam a2200157Ia 4500
003 IQ-KOUCL
041 _aArabic
082 _a928,1 cut-965 ا
100 _a20260118u\\\\\\\\\\\y0engy0103\\\\ba
100 _aنەوزاد عەلى ئەحمەد
245 0 _aپشکۆیەک لە خۆڵە مێشدا
250 _aط1
260 _aالسوید
_c2010
300 _a560
942 _cBk
999 _c186485
_d186485